Statistics for Largest Capital Cities

Click here to take the quiz!

General Stats

  • This quiz has been taken 24 times
  • The average score is 12 of 15

Answer Stats

Answer% Correct
Jakarta
95%
Beijing
91%
London
91%
Seoul
91%
Tokyo
91%
Delhi
86%
Moscow
86%
Cairo
82%
Bangkok
73%
Dhaka
73%
Kinshasa
73%
Mexico City
73%
Tehran
73%
Bogota
59%
Lima
59%

Score Distribution

Percentile by Number Answered

Percent of People with Each Score

Your Score History

You have not taken this quiz